00648 2200205 4500001002100000005001500021035002000036007000300056008004100059082001400100084002000114100002500134245010600159260006000265300002900325500004100354650001700395650001900412990001100431INLIS00000000000469620220921104941 a0010-0922000041ta220921 g 0 dut  a929 Treub a929 Treub ZEI m1 aZEIJLSTRA Fzn., H.H.1 aMelchior Treub :bPioneer of a new era in the history of the Malay Archipelago /cH.H. Zeijlstra Fzn. aAmsterdam :bKoninklijk Instituut voor de Tropen,c1959 a128 p. :bill. ;c25 cm. a26th Desember 1851- 3rd October 1910 4aBIOGRPAPHIES 4aMELCHIOR TREUB a376/60